Top 10 Most Popular Fast-Food Chains - Statistics

General Stats
  • This quiz has been taken 412 times
  • The average score is 6 of 10
Answer Stats
Hint Answer % Correct
1 Mcdonalds
99%
7 Burger King
93%
6 Wendy's
76%
4 Taco Bell
69%
3 Subway
63%
5 Chick-Fil-A
60%
2 Starbucks
58%
9 Domino's
47%
8 Dunkin
46%
10 Panera Bread
2%
No matching quizzes found
Score Distribution
Percent of People with Each Score
Percentile by Number Answered
Your Score History
You have not taken this quiz